| 000 | 03257nac a22003851u 4500 | ||
|---|---|---|---|
| 008 | 100908t xxu||||| |||| 00| 0 eng d | ||
| 010 | _a2004266931 | ||
| 020 | _a013127144x | ||
| 082 | 0 | 0 |
_a620.103 _bSCH |
| 100 |
_aSchiavone, Peter, _918787 |
||
| 245 | 1 | 0 |
_aStatics Study Pack : _bChapter Reviews, Free Body Diagram Workbook, Problems Website:[to accompany] Engineering mechanics : Statics / _cPeter Schiavone. |
| 260 |
_aSingapore ; _bPearson Prentice Hall, _cc2004. |
||
| 300 |
_axvi, 144 p. : _bill. ; _c24 cm. |
||
| 650 | 0 |
_aStatics. _918788 |
|
| 700 | 1 |
_aHibbeler, R. C. _918789 |
|
| 942 |
_cBB _k620.103SCH _2ddc |
||
| 999 |
_c837 _d837 |
||